000 01306nam a22003134a 4500
001 ebr10044072
003 CaPaEBR
006 m u
007 cr cn|||||||||
008 000914s2001 enk sb 001 0 eng
010 _z 00048354
020 _z0333930932
040 _aCaPaEBR
_cCaPaEBR
035 _a(OCoLC)559413207
050 1 4 _aJL1856.C58
_bS65 2001eb
082 0 4 _a322/.5/098
_221
245 0 4 _aThe soldier and the state in South America
_h[electronic resource] :
_bessays in civil-military relations /
_cedited by Patricio Silva.
260 _aHoundmills, Basingstoke [Eng.] ;
_aNew York :
_bPALGRAVE,
_c2001.
300 _ax, 212 p.
490 1 _aLatin American studies series
504 _aIncludes bibliographical references (p. 195-205) and index.
533 _aElectronic reproduction.
_bPalo Alto, Calif. :
_cebrary,
_d2013.
_nAvailable via World Wide Web.
_nAccess may be limited to ebrary affiliated libraries.
650 0 _aCivil-military relations
_zSouth America.
655 7 _aElectronic books.
_2local
700 1 _aSilva, Patricio.
710 2 _aebrary, Inc.
830 0 _aLatin American studies series (Palgrave (Firm))
856 4 0 _uhttp://site.ebrary.com/lib/rucke/Doc?id=10044072
_zAn electronic book accessible through the World Wide Web; click to view
999 _c179201
_d179201